| 000 | 01097nam a22002897a 4500 | ||
|---|---|---|---|
| 999 |
_c63434 _d63434 |
||
| 005 | 20240530110640.0 | ||
| 008 | 150331s2007 ua ao a 000 0 ara d | ||
| 017 |
_a2006/17871 _bمصر . دار الكتب المصرية |
||
| 020 | _a9770918008 | ||
| 040 | _aEG-CaGPL | ||
| 082 | 0 | 4 |
_221 _a001.2 _bط/ب ف |
| 100 | 1 | _aبرينيفييه ، اوسكار | |
| 245 | 1 | 2 |
_aالحياة ما هى ؟ / _cتاليف اوسكار برينيفييه ؛ رسوم ريمى كورجون ؛ ترجمة ميريام رزق الله |
| 250 | _aط. 1 | ||
| 260 |
_aالقاهرة : _bدار الشروق ، _c2007. |
||
| 300 |
_a96 ص : _bصور ؛ _c19 سم. |
||
| 490 | _aالفيلسوف الصغير | ||
| 650 | 0 | 4 | _aكتب الاطفال |
| 650 | 0 | 4 | _aتعليم الاطفال |
| 650 | 0 | 4 |
_aالمعرفة _xكتب اطفال |
| 650 | 0 | 4 |
_aالفن _xكتب اطفال |
| 650 | 0 | 4 |
_aالجمال _xكتب اطفال |
| 700 | 1 |
_aكورجون ، ريمى _eرسام |
|
| 700 | 0 |
_aميريام رزق الله _eمترجم |
|
| 942 |
_2ddc _cBK |
||